00549nam a22001097a 4500040000800000082002700008100004300035245022100078260002600299300002700325856008700352 cRUA aAGR HEN 2014 B432 Or.1 aHENG NARIN ; ហេង ណារិន aEffect of different rates of urea fertilzer on celerycabbage , ឥទ្ធិពលនៃបរិមាណជីអ៊ុយរ៉េខុសៗគ្នាទៅលើដំណំាស្ពៃចង្កឹះ aPhnom PenhbRUAc2014 axi ; 40p.bill.c29cm. uhttps://drive.google.com/file/d/1kkUjylUHEWKvlaOjryoPwqL4CexIitMb/view?usp=sharing